| 000 | 00824nam a2200229 a 4500 | ||
|---|---|---|---|
| 001 | 56733 | ||
| 003 | BD-RjUL | ||
| 005 | 20211209080428.0 | ||
| 008 | 161203s2009 bg ||||| |||| 00| 0 ben d | ||
| 020 | _c: TK 100.00 | ||
| 035 | _a(BD-RjUL)56857 | ||
| 040 |
_aBD-RjUL _bben _cBD-RjUL |
||
| 041 | _aben | ||
| 082 |
_223 _a297.273 _bDAD 2009 |
||
| 245 | 0 | 0 | _aদারিদ্র্য বিমোচনে ইসলাম / |
| 260 |
_aঢাকা : _bইসলামিক ইকোনমিক্স, _c২০০৯ |
||
| 300 |
_a১৮১ পৃ. ; _c২১ সেমি . |
||
| 650 |
_aইসলাম ও অর্থনীতি _9124946 |
||
| 650 |
_aIslam & Economics _9168711 |
||
| 700 |
_aহুসাইন, মুহাম্মদ শরীফ, সম্পাদক _9168712 |
||
| 942 |
_2ddc _cBK |
||
| 999 |
_c56733 _d56733 |
||